000 01106cam a2200253 i 4500
003 SA-RiAUC
005 20250415065229.0
008 250415s1990 ly g 00000 ara c
040 _aSA-RiAUC
_bara
_cSA-RiAUC
_erda
082 0 4 _a231.4
090 _a231.4
_b ا ب ن ش
100 1 _aابن شاهين، عمر بن أحمد بن عثمان،
_d297-385 هجري
_eمؤلف.
245 1 0 _aناسخ الحديث ومنسوخه /
_cلأبي حفص عمر بن أحمد بن عثمان بن شاهين ؛ دراسة وتحقيق الصادق عبد الرحمن الغرياني.
264 1 _aطرابلس، ليبيا :
_bدار الحكمة،
_c1990
300 _a325 صفحة ؛
_c25 سم
336 _aنص
_btxt
_2rdacontent
_3كتاب
337 _aبدون وسيط
_bn
_2rdamedia
338 _aمجلد
_bnc
_2rdacarrier
650 7 _aالحديث
_xالناسخ والمنسوخ
_2aucsh
650 7 _aالحديث
_xرواية
_2aucsh
700 1 _aالغرياني، الصادق عبد الرحمن،
_d1942-
_eمحقق.
942 _2ddc
_cBOOK
_n0
949 _aSA-JeALM
_d250415
_umohamedma123
_n1
999 _c7051
_d7051